000 00653nam a2200241Ia 4500
003 OSt
005 20220918214224.0
006 a|||||r|||| 00| 0
007 ta
008 220917b |||||||| |||| 00| 0 eng d
024 _a136,391
037 _cTextual
040 _aARTS
_cARTS
_beng
041 _2eng
_aeng
082 _aX8:80bB28, H7
100 _aRice William B
_9130318
245 0 _aControl charts
_b in factory management
260 _aN.Y
_bJohn wiley
_c1947
490 _aWiley publications in statistics
650 _aECONOMICS
942 _hX8:80bB28, H7
_cTEXL
_2CC
999 _c259481
_d259481